| 000 -LEADER |
| fixed length control field |
01267 a2200301 4500 |
| 003 - CONTROL NUMBER IDENTIFIER |
| control field |
Nust |
| 005 - DATE AND TIME OF LATEST TRANSACTION |
| control field |
20220728160654.0 |
| 010 ## - LIBRARY OF CONGRESS CONTROL NUMBER |
| LC control number |
2004274429 |
| 020 ## - INTERNATIONAL STANDARD BOOK NUMBER |
| International Standard Book Number |
8181475933 |
| 035 ## - SYSTEM CONTROL NUMBER |
| System control number |
(OCoLC)ocm55603020 |
| 040 ## - CATALOGING SOURCE |
| Transcribing agency |
Nust |
| 082 04 - DEWEY DECIMAL CLASSIFICATION NUMBER |
| Classification number |
004.6,KUM |
| 100 1# - MAIN ENTRY--PERSONAL NAME |
| Personal name |
Kumar, Anurag. |
| 9 (RLIN) |
95663 |
| 245 10 - TITLE STATEMENT |
| Title |
Communication networking : |
| Remainder of title |
an analytical approach / |
| Statement of responsibility, etc. |
Anurag Kumar, D. Manjunath, Joy Kuri. |
| 260 ## - PUBLICATION, DISTRIBUTION, ETC. |
| Place of publication, distribution, etc. |
Amsterdam ; |
| -- |
Boston : |
| Name of publisher, distributor, etc. |
Elsevier/Morgan Kaufmann Publishers, |
| Date of publication, distribution, etc. |
c2004. |
| 300 ## - PHYSICAL DESCRIPTION |
| Extent |
xxvii, 929 p. : |
| Other physical details |
ill. ; |
| Dimensions |
25 cm. |
| 440 #4 - SERIES STATEMENT/ADDED ENTRY--TITLE |
| Title |
The Morgan Kaufmann series in networking |
| 9 (RLIN) |
95656 |
| 505 ## - FORMATTED CONTENTS NOTE |
| Formatted contents note |
Introduction: Two Examples (Page-1), Part-I: Multiplexing (Page-91), Part-II: Switching (Page-533), Part-III: Routing (Page-669), Part- IV: Appendices (Page-777). |
| 650 #0 - SUBJECT ADDED ENTRY--TOPICAL TERM |
| Topical term or geographic name entry element |
Multiplexing. |
| 9 (RLIN) |
95664 |
| 650 #0 - SUBJECT ADDED ENTRY--TOPICAL TERM |
| Topical term or geographic name entry element |
Routers (Computer networks) |
| 9 (RLIN) |
94473 |
| 650 #0 - SUBJECT ADDED ENTRY--TOPICAL TERM |
| Topical term or geographic name entry element |
Telecommunication systems |
| General subdivision |
Management. |
| 9 (RLIN) |
95665 |
| 650 #0 - SUBJECT ADDED ENTRY--TOPICAL TERM |
| Topical term or geographic name entry element |
Telecommunication |
| General subdivision |
Switching systems. |
| 9 (RLIN) |
95666 |
| 700 1# - ADDED ENTRY--PERSONAL NAME |
| Personal name |
Kuri, Joy. |
| 9 (RLIN) |
95667 |
| 700 1# - ADDED ENTRY--PERSONAL NAME |
| Personal name |
Manjunath, D. |
| 9 (RLIN) |
95668 |
| 856 41 - ELECTRONIC LOCATION AND ACCESS |
| Materials specified |
Publisher description |
| Uniform Resource Identifier |
<a href="http://www.loc.gov/catdir/description/els051/2004274429.html">http://www.loc.gov/catdir/description/els051/2004274429.html</a> |
| 856 41 - ELECTRONIC LOCATION AND ACCESS |
| Materials specified |
Table of contents |
| Uniform Resource Identifier |
<a href="http://www.loc.gov/catdir/toc/els051/2004274429.html">http://www.loc.gov/catdir/toc/els051/2004274429.html</a> |
| 942 ## - ADDED ENTRY ELEMENTS (KOHA) |
| Source of classification or shelving scheme |
|
| Koha item type |
Book |
| Call number prefix |
004.6,KUM |